<?xml version="1.0" encoding="UTF-8"?>
<collection xmlns="http://www.loc.gov/MARC21/slim">
 <record>
  <leader>01347nam a22002297a 4500</leader>
  <controlfield tag="001">NCT_61981</controlfield>
  <controlfield tag="008">190315b        xxu||||| |||| 00| 0 vie d</controlfield>
  <datafield tag="999" ind1=" " ind2=" ">
   <subfield code="c">3001</subfield>
   <subfield code="d">3001</subfield>
  </datafield>
  <datafield tag="020" ind1=" " ind2=" ">
   <subfield code="a">9786045805022</subfield>
   <subfield code="c">101000</subfield>
  </datafield>
  <datafield tag="082" ind1="0" ind2="4">
   <subfield code="2">23rd ed.</subfield>
   <subfield code="a">959.731</subfield>
   <subfield code="b">H455</subfield>
  </datafield>
  <datafield tag="100" ind1="1" ind2=" ">
   <subfield code="a">Hà Minh Hồng</subfield>
   <subfield code="e">Chủ biên</subfield>
  </datafield>
  <datafield tag="245" ind1="1" ind2="0">
   <subfield code="a">Nhớ về chiến thắng Hà Nội Điện Biên Phủ trên không năm 1972</subfield>
   <subfield code="c">Hà Minh Hồng, Võ Văn Sen (chủ biên)</subfield>
  </datafield>
  <datafield tag="260" ind1=" " ind2=" ">
   <subfield code="a">Tp. Hồ Chí Minh</subfield>
   <subfield code="b">Tổng hợp TP Hồ Chí Minh</subfield>
   <subfield code="c">2017</subfield>
  </datafield>
  <datafield tag="300" ind1=" " ind2=" ">
   <subfield code="a">438 tr.</subfield>
   <subfield code="b">Minh họa</subfield>
   <subfield code="c">21cm</subfield>
  </datafield>
  <datafield tag="520" ind1="3" ind2=" ">
   <subfield code="a">Sách trình bày gồm 3 phần:  Những dự báo và lựa chọn, nhớ về 12 ngày đêm và đi qua thời gian</subfield>
  </datafield>
  <datafield tag="653" ind1=" " ind2=" ">
   <subfield code="a">Chính trị</subfield>
  </datafield>
  <datafield tag="700" ind1="1" ind2=" ">
   <subfield code="a">Võ Văn Sen</subfield>
   <subfield code="e">Chủ biên</subfield>
  </datafield>
  <datafield tag="942" ind1=" " ind2=" ">
   <subfield code="2">ddc</subfield>
   <subfield code="c">BK</subfield>
  </datafield>
  <datafield tag="952" ind1=" " ind2=" ">
   <subfield code="0">0</subfield>
   <subfield code="1">0</subfield>
   <subfield code="2">ddc</subfield>
   <subfield code="4">0</subfield>
   <subfield code="6">959_731000000000000_H455</subfield>
   <subfield code="7">0</subfield>
   <subfield code="9">16269</subfield>
   <subfield code="a">000001</subfield>
   <subfield code="b">000001</subfield>
   <subfield code="d">2019-03-15</subfield>
   <subfield code="o">959.731 H455</subfield>
   <subfield code="p">MD.16261</subfield>
   <subfield code="r">2019-03-15</subfield>
   <subfield code="v">101000.00</subfield>
   <subfield code="w">2019-03-15</subfield>
   <subfield code="y">BK</subfield>
  </datafield>
  <datafield tag="952" ind1=" " ind2=" ">
   <subfield code="0">0</subfield>
   <subfield code="1">0</subfield>
   <subfield code="2">ddc</subfield>
   <subfield code="4">0</subfield>
   <subfield code="6">959_731000000000000_H455</subfield>
   <subfield code="7">0</subfield>
   <subfield code="9">16270</subfield>
   <subfield code="a">000001</subfield>
   <subfield code="b">000001</subfield>
   <subfield code="d">2019-03-15</subfield>
   <subfield code="o">959.731 H455</subfield>
   <subfield code="p">MD.16262</subfield>
   <subfield code="r">2019-03-15</subfield>
   <subfield code="v">101000.00</subfield>
   <subfield code="w">2019-03-15</subfield>
   <subfield code="y">BK</subfield>
  </datafield>
  <datafield tag="952" ind1=" " ind2=" ">
   <subfield code="0">0</subfield>
   <subfield code="1">0</subfield>
   <subfield code="2">ddc</subfield>
   <subfield code="4">0</subfield>
   <subfield code="6">959_731000000000000_H455</subfield>
   <subfield code="7">0</subfield>
   <subfield code="9">18450</subfield>
   <subfield code="a">000001</subfield>
   <subfield code="b">000001</subfield>
   <subfield code="d">2019-12-19</subfield>
   <subfield code="o">959.731 H455</subfield>
   <subfield code="p">MD.16166</subfield>
   <subfield code="r">2019-12-19</subfield>
   <subfield code="v">101000.00</subfield>
   <subfield code="w">2019-12-19</subfield>
   <subfield code="y">BK</subfield>
  </datafield>
  <datafield tag="980" ind1=" " ind2=" ">
   <subfield code="a">Thư viện Trường Đại học Nam Cần Thơ</subfield>
  </datafield>
 </record>
</collection>
